[Event "FRM-chT2 GpB"]
[Site "Ohrid"]
[Date "2021.07.05"]
[Round "4.2"]
[White "Stavrov, Dimitar"]
[Black "Simovski, Goran"]
[Result "1/2-1/2"]
[WhiteElo "1626"]
[BlackElo "2270"]
[PlyCount "90"]
[EventDate "2021.07.03"]
[EventType "team-tourn"]
[EventRounds "5"]
[EventCountry "MKD"]
[SourceTitle "EXT 2022"]
[Source "ChessBase"]
[SourceDate "2021.10.06"]
[SourceVersion "1"]
[SourceVersionDate "2021.10.06"]
[SourceQuality "1"]
[WhiteTeam "Negotino"]
[BlackTeam "Bitola Stevo Patako"]
[WhiteTeamCountry "MKD"]
[BlackTeamCountry "MKD"]

1. e4 e6 2. d4 d5 3. e5 c5 4. c3 Nc6 5. Nf3 Qb6 6. a3 Nh6 7. Bd3 Bd7 8. Bc2 cxd4 9. cxd4 Nf5 10. Bxf5 exf5 11. Nc3 Be6 12. 0-0 Be7 13. b4 0-0 14. Na4 Qd8 15. Nc5 b6 16. Nxe6 fxe6 17. Bd2 b5 18. Rc1 Qb6 19. Bc3 a5 20. Qd2 axb4 21. Bxb4 Nxb4 22. axb4 Ra4 23. Rb1 Rc8 24. Rb3 Rc4 25. Rfb1 h6 26. h4 Qd8 27. g3 Qf8 28. Qd3 Bxb4 29. Kg2 Ra2 30. R1b2 Rxb2 31. Rxb2 Qa8 32. Qb3 Qa4 33. Qd3 Bc3 34. Rb1 b4 35. Rc1 Qc6 36. Rb1 Qa4 37. Rc1 Qa3 38. Rc2 Qa5 39. g4 b3 40. Rc1 b2 41. Rg1 fxg4 42. Qg6 Qa6 43. Qe8+ Kh7 44. Ng5+ hxg5 45. hxg5 Qa1 1/2-1/2

[Event "Skopje op"]
[Site "Skopje"]
[Date "2019.12.11"]
[Round "8"]
[White "Gjorgjevski, Janco"]
[Black "Stavrov, Dimitar"]
[Result "1/2-1/2"]
[WhiteElo "1908"]
[BlackElo "1567"]
[PlyCount "95"]
[EventDate "2019.12.06"]
[EventType "swiss"]
[EventRounds "9"]
[EventCountry "MKD"]
[SourceTitle "CBM 193 Extra"]
[Source "ChessBase"]
[SourceDate "2020.01.31"]
[SourceVersion "1"]
[SourceVersionDate "2020.01.31"]
[SourceQuality "1"]

1. c4 g6 2. Nf3 c5 3. d4 cxd4 4. Nxd4 Bg7 5. Nc3 Nc6 6. Nb3 Nf6 7. e4 d6 8. Be2 0-0 9. Be3 Be6 10. Nd4 Nxd4 11. Bxd4 Rc8 12. b3 h5 13. 0-0 a6 14. Rc1 Bg4 15. f3 Bd7 16. Qd2 Ne8 17. Nd5 Bxd4+ 18. Qxd4 Bc6 19. Nb6 Rb8 20. Rfd1 Nc7 21. e5 Ne6 22. Qe3 Nc5 23. Nd5 Bxd5 24. Rxd5 Qc7 25. Rcd1 Rbd8 26. exd6 exd6 27. Qf4 Rfe8 28. Bf1 Re6 29. g3 Qe7 30. Qd2 b6 31. f4 Ne4 32. Qd3 Nf6 33. Rd4 Ng4 34. Qf3 Qc7 35. Bh3 Re3 36. Qf1 Qe7 37. Bxg4 hxg4 38. R4d3 Re2 39. a4 Kg7 40. f5 f6 41. Qf4 gxf5 42. Rxd6 Qb7 43. R6d5 Re1+ 44. Kf2 Qe7 45. Rd7 Rxd7 46. Rxd7 Re2+ 47. Kf1 Re1+ 48. Kf2 1/2-1/2

[Event "FRM-ch op"]
[Site "Skopje"]
[Date "2018.12.20"]
[Round "6"]
[White "Stavrov, Dimitar"]
[Black "Veljanoski, Andrej"]
[Result "0-1"]
[WhiteElo "1469"]
[BlackElo "1994"]
[PlyCount "74"]
[EventDate "2018.12.15"]
[EventType "swiss"]
[EventRounds "9"]
[EventCountry "MKD"]
[SourceTitle "CBM 187 Extra"]
[Source "ChessBase"]
[SourceDate "2018.11.04"]
[SourceVersion "1"]
[SourceVersionDate "2018.11.04"]
[SourceQuality "1"]

1. e4 e5 2. Nf3 Nc6 3. Bb5 a6 4. Ba4 Nf6 5. 0-0 Be7 6. Re1 b5 7. Bb3 d6 8. c3 0-0 9. h3 Nb8 10. d4 Nbd7 11. Nbd2 Bb7 12. Bc2 Re8 13. Nf1 Bf8 14. Ng3 g6 15. Bg5 h6 16. Bc1 c5 17. d5 c4 18. a4 Qc7 19. Nh4 Reb8 20. Be3 Bc8 21. a5 Nc5 22. Qd2 h5 23. Bh6 Qd8 24. Bxf8 Qxf8 25. Nf3 Bd7 26. Qd1 Rc8 27. b4 cxb3 28. Bxb3 Qd8 29. Nd2 h4 30. Ngf1 Nh5 31. Nf3 Nf4 32. Bc2 Nb7 33. Ra3 Nxa5 34. Qa1 Nc4 35. Rxa6 Rxa6 36. Qxa6 Ra8 37. Qb7 Na5 0-1

[Event "FRM-ch op"]
[Site "Skopje"]
[Date "2018.12.18"]
[Round "4"]
[White "Stavrov, Dimitar"]
[Black "Velkovski, Kristijan"]
[Result "0-1"]
[WhiteElo "1469"]
[BlackElo "1947"]
[PlyCount "92"]
[EventDate "2018.12.15"]
[EventType "swiss"]
[EventRounds "9"]
[EventCountry "MKD"]
[SourceTitle "CBM 187 Extra"]
[Source "ChessBase"]
[SourceDate "2018.11.04"]
[SourceVersion "1"]
[SourceVersionDate "2018.11.04"]
[SourceQuality "1"]

1. e4 e5 2. Nf3 Nc6 3. Bb5 a6 4. Ba4 Nf6 5. 0-0 b5 6. Bb3 Bc5 7. Re1 d6 8. c3 Bg4 9. h3 Bh5 10. d3 h6 11. Nbd2 0-0 12. Nf1 Ne7 13. Ng3 Bg6 14. d4 exd4 15. cxd4 Bb4 16. Bd2 Bxd2 17. Qxd2 Nh5 18. Nxh5 Bxh5 19. Nh2 c5 20. f4 c4 21. Bc2 f6 22. b3 Bf7 23. bxc4 Bxc4 24. Bb3 Bxb3 25. axb3 d5 26. e5 fxe5 27. fxe5 Qb6 28. Nf3 Qg6 29. Kh1 Nf5 30. Rec1 Ng3+ 31. Kh2 Ne4 32. Qe1 Rf7 33. Ra2 Raf8 34. Rac2 Rxf3 35. gxf3 Ng5 36. Rf2 Nxf3+ 37. Rxf3 Rxf3 38. Rc3 Rf4 39. e6 Re4 40. Re3 Qxe6 41. Rxe4 dxe4 42. Qe3 a5 43. Kg3 Qf5 44. Qe1 Qf3+ 45. Kh2 e3 46. Qxa5 e2 0-1

[Event "FRM-ch op"]
[Site "Skopje"]
[Date "2018.12.16"]
[Round "2"]
[White "Stavrov, Dimitar"]
[Black "Jovanovski, Teodor"]
[Result "1-0"]
[WhiteElo "1469"]
[BlackElo "1085"]
[PlyCount "56"]
[EventDate "2018.12.15"]
[EventType "swiss"]
[EventRounds "9"]
[EventCountry "MKD"]
[SourceTitle "CBM 187 Extra"]
[Source "ChessBase"]
[SourceDate "2018.11.04"]
[SourceVersion "1"]
[SourceVersionDate "2018.11.04"]
[SourceQuality "1"]

1. e4 e6 2. d4 d5 3. e5 c5 4. c3 Nc6 5. Nf3 Qb6 6. Bd3 Bd7 7. Bc2 Nh6 8. b3 Rc8 9. 0-0 a5 10. Be3 Nf5 11. h3 Be7 12. Kh1 cxd4 13. cxd4 Nb4 14. Bxf5 exf5 15. Nbd2 Nc2 16. Rc1 Nxe3 17. Rxc8+ Bxc8 18. fxe3 0-0 19. Qb1 Qh6 20. Qd3 Bd7 21. Rc1 Rc8 22. Rxc8+ Bxc8 23. Qb5 Bf8 24. Qxd5 a4 25. Qd8 Be6 26. d5 axb3 27. axb3 Qxe3 28. dxe6 fxe6 1-0